Score 0/38 Timer 04:00
1 Play Today
Clue 4-Letter Word % Correct
Not yoursMINE
97.5%
Lion's hairMANE
97.5%
Terminate employmentFIRE
95.8%
FirearmsGUNS
94.8%
Great Barrier ____REEF
94.5%
Tenant's paymentRENT
94%
Smallest of the litterRUNT
93.6%
SprintsRUNS
93.2%
Clenched handFIST
92.6%
QuickFAST
92.6%
Bovine meatBEEF
92.1%
Red vegetableBEET
92%
Break windFART
90.9%
Naval vesselBOAT
89.3%
HitBEAT
89.3%
MarshMIRE
89.1%
Italian carFIAT
88.3%
Golfer's cryFORE
88%
Military buildingFORT
87.1%
Clue 4-Letter Word % Correct
Runner UsainBOLT
86.3%
Even, smoothFLAT
83%
Picnic ruinersANTS
82.1%
Alda, Rickman or Greenspan, e.g.ALAN
81%
Grass-like plantREED
74.8%
PlotPLAN
74.6%
Make a holeBORE
73.3%
TearREND
72.8%
Put money in the poker potANTE
72.2%
Have funPLAY
68.7%
Remove skinFLAY
65.7%
TrunkBOLE
65.1%
Late 50's TV private eye PeterGUNN
62.7%
'Magic Mountain' author ThomasMANN
60%
Actress OliviaMUNN
58.5%
Tree-like Middle-earth creaturesENTS
56.9%
QuitsENDS
55.7%
Wings or winglike thingsALAE
39.7%
Der ___: Konrad AdenauerALTE
38.8%

Today's Daily Dose

Remove Ads.
Support Sporcle.
Get the best of Sporcle when you Go Orange. This ad-free experience offers more features, more stats, and more fun while also helping to support Sporcle. Thank you for becoming a member.

You're not logged in!

Compare scores with friends on all Sporcle quizzes.
OR
Log In

Show Comments

Extras

Top Quizzes Today


Score Distribution

Your Account Isn't Verified!

In order to create a playlist on Sporcle, you need to verify the email address you used during registration. Go to your Sporcle Settings to finish the process.

Report this User

Report this user for behavior that violates our Community Guidelines.

Details: